000 00651nam a2200205 a 4500
001 000017128
005 20240412074245.0
008 100318s2008 dr 001 p spa d
020 _a9789945420487
040 _aDO-SdBNP
_bspa
_cBNPHU
082 _aRD861.5
_bV282p
100 1 _aVantroy, Ernesto,
_d1970-
_937729
245 1 0 _aPor la luz de los poetas /
_cErnesto Vantroy.
260 _aSanto Domingo :
_bAngeles Fierro :
_bNacional,
_c2008.
300 _a84 p. ;
_c18 cm.
500 _aIncluye datos biográficos del autor en la solapa de la cubierta.
650 0 _aPoesía dominicana
_966
650 0 _aLiteratura dominicana.
_967
049 _aBNPD
999 _c16654
_d16654